[Event "GRE-chT 46th"]
[Site "Rio Achaia"]
[Date "2018.07.10"]
[Round "1.9"]
[White "Batzoli, Maria"]
[Black "Bellou, Nazareta"]
[Result "0-1"]
[WhiteElo "1312"]
[BlackElo "1211"]
[PlyCount "42"]
[EventDate "2018.07.10"]
[EventType "team"]
[EventRounds "7"]
[EventCountry "GRE"]
[SourceTitle "CBM 185 Extra"]
[Source "ChessBase"]
[SourceDate "2018.07.29"]
[SourceVersion "1"]
[SourceVersionDate "2018.07.29"]
[SourceQuality "1"]
[WhiteTeam "Heraklion Attica"]
[BlackTeam "Evoiki EV"]
[WhiteTeamCountry "GRE"]
[BlackTeamCountry "GRE"]

1. e4 c5 2. Nf3 e6 3. c3 d5 4. exd5 Qxd5 5. d4 Nc6 6. Be3 Nf6 7. Bb5 Be7 8. 0-0 0-0 9. dxc5 Qxd1 10. Rxd1 Nd5 11. Bd4 f6 12. b4 Rd8 13. Be3 a5 14. Bxc6 bxc6 15. Nbd2 Nxc3 16. Re1 axb4 17. Nd4 Bxc5 18. N2b3 Bxd4 19. Nxd4 Ra6 20. Nc2 Nxa2 21. Nxb4 Nxb4 0-1

[Event "GRE-chT 45th"]
[Site "Achaia"]
[Date "2017.07.06"]
[Round "5.16"]
[White "Tomara, Ioanna"]
[Black "Bellou, Nazareta"]
[Result "0-1"]
[WhiteElo "1007"]
[BlackElo "1165"]
[PlyCount "104"]
[EventDate "2017.07.03"]
[EventType "team-swiss"]
[EventRounds "7"]
[EventCountry "GRE"]
[SourceTitle "CBM 179 Extra"]
[Source "ChessBase"]
[SourceDate "2017.08.23"]
[SourceVersion "1"]
[SourceVersionDate "2017.08.23"]
[SourceQuality "1"]
[WhiteTeam "Patron Sailing"]
[BlackTeam "Evoiki HS"]
[WhiteTeamCountry "GRE"]
[BlackTeamCountry "GRE"]

1. e4 c5 2. Nc3 e6 3. Bc4 Nc6 4. d3 Nf6 5. Nf3 a6 6. Bg5 h6 7. Bh4 b5 8. Bb3 Na5 9. e5 g5 10. Bg3 Nh5 11. Ne4 Nxg3 12. hxg3 Be7 13. Qd2 Nxb3 14. axb3 Qc7 15. d4 cxd4 16. Qxd4 Qxc2 17. Nd6+ Kf8 18. Qc3 Qxc3+ 19. bxc3 Bxd6 20. exd6 Kg7 21. 0-0-0 f6 22. Nd4 Bb7 23. f3 Rhc8 24. Kb2 Bd5 25. g4 Rab8 26. Rhf1 Rb6 27. g3 Rxd6 28. f4 Bg2 29. Nf5+ exf5 30. Rxd6 Bxf1 31. Rxd7+ Kg6 32. gxf5+ Kxf5 33. Rd6 Ra8 34. Rc6 Kg4 35. Rxf6 Kxg3 36. Rxh6 gxf4 37. Rg6+ Kf2 38. Kc2 f3 39. Kd2 Bg2 40. Re6 Kg1 41. Re1+ Kh2 42. Ke3 Re8+ 43. Kf2 Rxe1 44. Kxe1 Kg1 45. b4 f2+ 46. Ke2 f1Q+ 47. Ke3 Qc4 48. Kd2 Qe4 49. c4 bxc4 50. Kc1 Qe2 51. b5 Be4 52. b6 Qc2# 0-1

[Event "GRE-ch U14 Girls"]
[Site "Porto Rio"]
[Date "2016.06.28"]
[Round "1"]
[White "Kalyva, Kyriaki"]
[Black "Bellou, Nazareta"]
[Result "0-1"]
[WhiteElo "1558"]
[BlackElo "1158"]
[PlyCount "86"]
[EventDate "2016.06.28"]
[EventType "swiss"]
[EventRounds "7"]
[EventCountry "GRE"]
[SourceTitle "CBM 173 Extra"]
[Source "ChessBase"]
[SourceDate "2016.08.29"]
[SourceVersion "1"]
[SourceVersionDate "2016.08.29"]
[SourceQuality "1"]

1. e4 e5 2. Nf3 Nc6 3. Bb5 Nf6 4. 0-0 d6 5. Re1 a6 6. Ba4 g6 7. d4 b5 8. Bb3 Bb7 9. c3 Bg7 10. Bg5 0-0 11. Qd2 Ne7 12. Bc2 Nc6 13. Bh6 Re8 14. d5 Ne7 15. Nh4 c6 16. Bxg7 Kxg7 17. dxc6 Nxc6 18. f4 Nh5 19. Nf3 Nxf4 20. g3 Ne6 21. Rf1 h6 22. Qe2 Ng5 23. Nh4 Qb6+ 24. Kg2 b4 25. Bb3 Re7 26. Nf3 Na5 27. Nxg5 hxg5 28. Qf3 Nxb3 29. Qf6+ Kg8 30. axb3 g4 31. Nd2 Rae8 32. Rh1 Qe3 33. Rad1 Bxe4+ 34. Nxe4 Qxe4+ 35. Kg1 Re6 36. Qg5 Kg7 37. h3 Rh8 38. h4 Rh5 39. Qd2 Rf6 40. Re1 Qf3 41. Qg2 e4 42. Rxe4 g5 43. hxg5 Qd1+ 0-1